Southville International School and Colleges
Your cart is empty.
  • Cart
  • Lists
    Public lists Eva Luna New books Lux_list list_1
    Your lists Log in to create your own lists
  • Log in to your account
  • Your cookies
  • Search history
Southville International School and Colleges
  • Advanced search
  • Recent comments
  • Most popular
  • Libraries

Log in to your account

Log in with GOOGLE


If you do not have an external account, but do have a local account, you can still log in:

  1. Home
  2. MARC view: Business Statistics in Practice /
Normal view MARC view ISBD view

Business Statistics in Practice / (Record no. 23629)

[ view plain ]
MARC details
000 -LEADER
fixed length control field 00695nam a2200229 a 4500
005 - DATE AND TIME OF LATEST TRANSACTION
control field 20140310183456.0
008 - FIXED-LENGTH DATA ELEMENTS--GENERAL INFORMATION
fixed length control field 091116s19uu xx 00 eng d
020 ## - INTERNATIONAL STANDARD BOOK NUMBER
International Standard Book Number 9780071285261
050 ## - LIBRARY OF CONGRESS CALL NUMBER
Classification number HF 1017
Item number .B654 2009
100 ## - MAIN ENTRY--PERSONAL NAME
Personal name Bowerman, Bruce L.
245 ## - TITLE STATEMENT
Title Business Statistics in Practice /
Statement of responsibility, etc Bruce L. Bowerman, Richard T. O'Connell, Emily S. Murphree.
250 ## - EDITION STATEMENT
Edition statement 5th ed.
260 ## - PUBLICATION, DISTRIBUTION, ETC. (IMPRINT)
Place of publication, distribution, etc Boston :
Name of publisher, distributor, etc Mc-GrawHill,
Date of publication, distribution, etc c2009.
300 ## - PHYSICAL DESCRIPTION
Extent 907 p. :
Other physical details ill. (some col.) ;
Dimensions 28 cm.
521 ## - TARGET AUDIENCE NOTE
Target audience note
650 ## - SUBJECT ADDED ENTRY--TOPICAL TERM
Topical term or geographic name as entry element Business Statistics. 2. Statisitics.
700 ## - ADDED ENTRY--PERSONAL NAME
Personal name O'Connell, Richard T.
700 ## - ADDED ENTRY--PERSONAL NAME
Personal name Murphree, Emily S.
942 ## - ADDED ENTRY ELEMENTS (KOHA)
Koha item type Books
Source of classification or shelving scheme Library of Congress Classification
Call number prefix Foreign
Holdings
Withdrawn status Lost status Source of classification or shelving scheme Damaged status Home library Current library Shelving location Date acquired Source of acquisition Cost, normal purchase price Total Checkouts Full call number Barcode Date last seen Copy number Price effective from Koha item type
    Library of Congress Classification   College Library College Library General Circulation Section 08/19/2011 Donation 2538.00   HF 1017 .B654 2009 C13203 05/15/2018 1 10/18/2013 Books
    Library of Congress Classification   College Library College Library General Circulation Section 01/18/2014 Donation     HF 1017 .B654 2009 C10651 05/15/2018 2 01/18/2014 Books

Business Statistics in Practice /

APA

Bowerman B. L., O'Connell R. T. & Murphree E. S. (2009). Business Statistics in Practice. Boston: Mc-GrawHill.

Chicago

Bowerman Bruce L, O'Connell Richard T and Murphree Emily S. 2009. Business Statistics in Practice. Boston: Mc-GrawHill.

Harvard

Bowerman B. L., O'Connell R. T. and Murphree E. S. (2009). Business Statistics in Practice. Boston: Mc-GrawHill.

MLA

Bowerman Bruce L, O'Connell Richard T and Murphree Emily S. Business Statistics in Practice. Boston: Mc-GrawHill. 2009.

  • Place hold
  • Print
  • Cite
  • Add to your cart (remove)
  • Save record
    BIBTEX Dublin Core MARCXML MARC (non-Unicode/MARC-8) MARC (Unicode/UTF-8) MARC (Unicode/UTF-8, Standard) MODS (XML) RIS
  • More searches
    Search for this title in:
    Other Libraries (WorldCat) Other Databases (Google Scholar) Online Stores (Bookfinder.com) Open Library (openlibrary.org)

Exporting to Dublin Core...

SOUTHVILLE LIBRARY

Southville International School and Colleges Library

1281 Tropical Ave. Cor. Luxembourg St., BF Homes International, Las Pinas City

Tel. No. 8256374 / 252358 Loc. 117/146

Powered by Koha